header

For All Practical Purposes (Record no. 252506)

MARC details
000 -LEADER
fixed length control field 00493nam a22001937a 4500
003 - CONTROL NUMBER IDENTIFIER
control field OSt
005 - DATE AND TIME OF LATEST TRANSACTION
control field 20160229111026.0
008 - FIXED-LENGTH DATA ELEMENTS--GENERAL INFORMATION
fixed length control field 160222b xxu||||| |||| 00| 0 eng d
010 ## - LIBRARY OF CONGRESS CONTROL NUMBER
LC control number 96004941
020 ## - INTERNATIONAL STANDARD BOOK NUMBER
International Standard Book Number 0716728419
040 ## - CATALOGING SOURCE
Transcribing agency N/A
050 ## - LIBRARY OF CONGRESS CALL NUMBER
Classification number QA7 .F68 1996
110 ## - MAIN ENTRY--CORPORATE NAME
Corporate name or jurisdiction name as entry element COMAP
245 ## - TITLE STATEMENT
Title For All Practical Purposes
250 ## - EDITION STATEMENT
Edition statement 4TH ED
260 ## - PUBLICATION, DISTRIBUTION, ETC. (IMPRINT)
Place of publication, distribution, etc NEW YORK
Name of publisher, distributor, etc W.H.FREEMAN
Date of publication, distribution, etc c1996
300 ## - PHYSICAL DESCRIPTION
Extent xxii,884,40,3,14p
Other physical details ill,
Dimensions 24cm
942 ## - ADDED ENTRY ELEMENTS (KOHA)
Source of classification or shelving scheme Library of Congress Classification
Koha item type Long Loan Books
Classification part QA7.F68 1996

No items available.

© 2026 Rongo University
Contact us: librarian | system librarian | Rongo university